| 000 | 00672nam a2200205 4500 | ||
|---|---|---|---|
| 001 | 175703 | ||
| 003 | ES-MaACL | ||
| 005 | 20250325091442.0 | ||
| 008 | 101117s1965 sp |||| | spa d | ||
| 080 | _a242 | ||
| 100 | 0 |
_aJosemaría Escrivá de Balaguer, _cSanto _966981 |
|
| 245 | 1 | 0 |
_aCamino / _cJosemaría Escrivá de Balaguer. |
| 250 | _a23ª ed. castellana. | ||
| 260 |
_aMadrid : _bRialp, _c1965. |
||
| 300 |
_a323 p., [1] h. de lám. ; _c14 cm. |
||
| 500 | _aÍndice alfabético. | ||
| 650 | 0 | 7 |
_aMeditaciones. _914983 |
| 852 |
_aES-MaACL _j2265-F-1 _z. - Biblioteca Jacinto Martínez Lacalle _z. - Enc. tela verde |
||
| 999 |
_c175703 _d175703 |
||